| 000 | 01007nam a22002537a 4500 | ||
|---|---|---|---|
| 999 |
_c664 _d664 |
||
| 005 | 20190923160249.0 | ||
| 008 | 190923b ||||| |||| 00| 0 eng d | ||
| 020 | _a9789671626429 | ||
| 020 |
_a9789671626405 _qSet of 3 vol. |
||
| 040 | _cKH8 | ||
| 082 | _a294.3 LIO | ||
| 100 |
_aLiow, Woon Khin (Benny) _eCompiler & editor |
||
| 245 |
_aK. Sri Dhammananda : _bessays in honor of his centenary / _cCompile & edited by Benny Liow Woon Khin ; Vijaya Samarawickrama ; Tan Ho Soon. |
||
| 246 |
_aK. Sri Dhammananda : _bcontemporary perspectives / |
||
| 260 |
_aSelangor : _bNalanda Buddhist Society Malaysia, _c2018. |
||
| 300 |
_a261 p. ; _bill. : _c23 cm. |
||
| 440 | _vVolume 2 : contemporary perspectives | ||
| 500 | _aIncludes messages, photograph and chronology | ||
| 505 | _a1. Future Trends 2. Contemporary Perspectives 3. A life in pictures | ||
| 650 | _aBuddhism | ||
| 700 |
_aSamarawickrama, Vijaya _eCompiler & editor |
||
| 700 |
_aTan, Ho Soon. _eCompiler & editor |
||
| 942 |
_2ddc _cNFIC |
||